Five years in Turkey (Record no. 552201)
[ view plain ]
| 000 -LEADER | |
|---|---|
| fixed length control field | 00830cam a2200193Ka 4500 |
| 082 ## - DEWEY DECIMAL CLASSIFICATION NUMBER | |
| Classification number | 940.4009561 |
| Author Mark | SAN |
| 100 1# - MAIN ENTRY--PERSONAL NAME | |
| Personal name | Liman von Sanders, Otto Viktor Karl, |
| 9 (RLIN) | 49413 |
| 245 10 - TITLE STATEMENT | |
| Title | Five years in Turkey |
| Statement of responsibility, etc. | by Liman von Sanders ; translated by Carl Reichmann ; reprinted from the August Scherl ed. |
| 260 ## - PUBLICATION, DISTRIBUTION, ETC. | |
| Place of publication, distribution, etc. | Annapolis : |
| Name of publisher, distributor, etc. | United States Naval Institute, |
| Date of publication, distribution, etc. | 1927. |
| 300 ## - PHYSICAL DESCRIPTION | |
| Extent | 1 online resource (x, 326 p.) : |
| Other physical details | facsim., maps (3 in pocket), ports. |
| 526 ## - STUDY PROGRAM INFORMATION NOTE | |
| Program name | 0 |
| Interest level | 0 |
| Reading level | 0 |
| Title point value | 940_400956100000000_SAN |
| 650 #0 - SUBJECT ADDED ENTRY--TOPICAL TERM | |
| Topical term or geographic name entry element | MCE |
| 9 (RLIN) | 379 |
| 650 #0 - SUBJECT ADDED ENTRY--TOPICAL TERM | |
| Topical term or geographic name entry element | World War, 1914-1918 |
| 9 (RLIN) | 28173 |
| 650 #0 - SUBJECT ADDED ENTRY--TOPICAL TERM | |
| Topical term or geographic name entry element | World War, 1914-1918 |
| General subdivision | Campaigns |
| Geographic subdivision | Turkey. |
| 9 (RLIN) | 49414 |
| 700 1# - ADDED ENTRY--PERSONAL NAME | |
| Personal name | Reichmann, Carl, |
| 9 (RLIN) | 49415 |
| 856 40 - ELECTRONIC LOCATION AND ACCESS | |
| Uniform Resource Identifier | <a href="http://catalog.hathitrust.org/api/volumes/oclc/66289903.html">http://catalog.hathitrust.org/api/volumes/oclc/66289903.html</a> |
| 856 40 - ELECTRONIC LOCATION AND ACCESS | |
| Uniform Resource Identifier | <a href="http://catalog.hathitrust.org/api/volumes/oclc/8864303.html">http://catalog.hathitrust.org/api/volumes/oclc/8864303.html</a> |
| 942 ## - ADDED ENTRY ELEMENTS (KOHA) | |
| Source of classification or shelving scheme | |
| Koha item type | Book |
| Withdrawn status | Lost status | Source of classification or shelving scheme | Damaged status | Not for loan | Permanent Location | Current Location | Shelving location | Date acquired | Total Checkouts | Full call number | Barcode | Date last seen | Price effective from | Koha item type |
|---|---|---|---|---|---|---|---|---|---|---|---|---|---|---|
| Military College of Engineering (MCE) | Military College of Engineering (MCE) | 01/12/2015 | 940.4009561 SAN | MCE-ECF/79 | 01/12/2015 | 01/12/2015 | Book |
